Movies Quiz

Random Movies or Actor Quiz

Movie Couples (2000s) Quiz Stats

 Plays Quiz Updated Sep 27, 2018

Challenge
Share
Tweet
Embed
Score 0/70 Timer 10:00
4 Plays Today
% Correct
Brad Pitt
96.4%
Angelina Jolie
95.5%
Jim Carrey
91.4%
Will Smith
90.9%
Cameron Diaz
87.4%
Mike Myers
86%
Matt Damon
85.5%
Mel Gibson
83.2%
Adam Sandler
82.1%
Will Ferrell
78.5%
Reese Witherspoon
78.3%
Jennifer Aniston
76.8%
Robert Downey, Jr.
75.4%
Joaquin Phoenix
73%
Nicole Kidman
72.8%
Helen Hunt
69.9%
Sandra Bullock
69.4%
Jennifer Garner
68.8%
Amy Adams
68.7%
Kirsten Dunst
68.6%
Steve Carell
66.8%
Tom Hanks
66.2%
Russell Crowe
65.4%
Johnny Depp
64.2%
Christian Bale
64.1%
Tobey Maguire
63.5%
Rachel McAdams
62.9%
Katherine Heigl
62.4%
Ryan Reynolds
60%
Anne Hathaway
59.2%
Ellen Page
58.2%
Jack Nicholson
57.2%
Seth Rogen
56.8%
Michael Cera
56.3%
Ryan Gosling
55.2%
% Correct
Gwyneth Paltrow
55%
Ewan McGregor
52.2%
Christina Applegate
51.9%
Eva Mendes
51%
Meryl Streep
49.9%
Katie Holmes
49.7%
Julia Roberts
49.1%
Keira Knightley
48.5%
Bruce Willis
47.9%
Mark Wahlberg
47.3%
Patrick Dempsey
46.5%
Winona Ryder
46.2%
Diane Keaton
46.2%
Zach Braff
45.9%
Kate Winslet
45.9%
Alec Baldwin
45.8%
Natalie Portman
45.1%
Nicolas Cage
44.8%
Harrison Ford
41.8%
Charlize Theron
39.6%
Zoe Saldana
35.1%
Mark Ruffalo
34%
Jennifer Connelly
33.9%
Michelle Pfeiffer
32.6%
James McAvoy
29.6%
Sam Worthington
27.5%
Gerard Butler
26.2%
Téa Leoni
24.9%
Holly Hunter
23.9%
Emmy Rossum
21.5%
Brandon Routh
20.2%
Kate Bosworth
19.8%
Craig T. Nelson
19.4%
Franka Potente
10.7%
Robin Wright
8.8%

You're not logged in!

Compare scores with friends on all Sporcle quizzes.
OR
Log In

You Might Also Like...

Show Comments

Extras

Top Quizzes Today


Score Distribution

Your Account Isn't Verified!

In order to create a playlist on Sporcle, you need to verify the email address you used during registration. Go to your Sporcle Settings to finish the process.

Report this User

Report this user for behavior that violates our Community Guidelines.

Details: